| 000 | 00494nam a2200169 4500 | ||
|---|---|---|---|
| 001 | 121282 | ||
| 003 | ES-MaACL | ||
| 005 | 20230906191726.0 | ||
| 007 | t| | ||
| 008 | 070214s1982 sp r ||||1| spa d | ||
| 100 | 1 |
_aPriest, Christopher. _993869 |
|
| 245 | 1 | 3 |
_aUn verano infinito / _cChristopher Priest ; traducción de Matilde Horne. |
| 260 |
_aBarcelona : _bMinotauro, _c1982. |
||
| 300 |
_a226 p. ; _c19 cm. |
||
| 700 | 1 |
_aHorne, Matilde. _964218 |
|
| 852 |
_aES-MaACL _jL-3202 _bR.103976 |
||
| 999 |
_c121282 _d121282 |
||